Statistics for Top 30 Greatest NBA Players

Click here to take the quiz!

General Stats

  • This quiz has been taken 67 times
  • The average score is 22 of 30

Answer Stats

RankAnswer% Correct
1Michael Jordan
100%
2LeBron James
98%
4Magic Johnson
97%
11Shaquille O'Neal
95%
16Stephen Curry
95%
3Kareem Abdul-Jabbar
94%
10Kobe Bryant
94%
7Larry Bird
92%
5Wilt Chamberlain
87%
6Bill Russell
85%
23Karl Malone
81%
12Kevin Durant
81%
8Tim Duncan
81%
19Jerry West
79%
15Moses Malone
76%
25David Robinson
71%
17Dirk Nowitzki
71%
21Kevin Garnett
71%
27Isaiah Thomas
68%
24John Stockton
68%
14Julius Erving
68%
9Oscar Robertson
65%
18Giannis Antetokounmpo
63%
22Charles Barkley
61%
20Elgin Baylor
56%
13Hakeem Olajuwon
53%
26John Havlicek
52%
29Chris Paul
47%
30Dwyane Wade
39%
28George Mikan
35%

Score Distribution

Percentile by Number Answered

Percent of People with Each Score

Your Score History

You have not taken this quiz